000 00315nam a2200145Ia 4500
100 _aYoung/ Douglas A
942 _cBK
654 _acomputer
245 _aMotif Debuging & Performance Tunning
260 _bPrentice Hall
_c1995
082 _a5.14
_bYOU
300 _a574
546 _aENGLISH
999 _c33654
_d33654